000 00993nam a22002777a 4500
999 _c115041
_d115041
003 dpl
005 20181116154928.0
008 181116b ||||| |||| 00| 0 eng d
010 _aB-057911
020 _c110.00
035 _aB-057911, B-057933
037 _bCen Lib/Ret
040 _aDPL
_bHN
_c0
082 _a
_bदासगो
100 _aदास गौरहरि
_959611
245 _aदूर आकाश कका पंछी /
_cगौरहरि दास
246 _aDoor aakash ka panchhin
_bby Gourhari Daas
260 _aकटक
_bशबनम पुस्तक महल
_c2000
270 _aबादाम वाडी
_bकटक
300 _a119पृष्ठ.
_c20सेमी(सजिल्द)
650 _aहिंदी साहित्य
_959612
650 _aहिंदी कहानी
_959613
650 _ahindi literature
_959614
650 _aHindi Story
_943117
942 _2ddc
_cHN
_h
_mदासगो